Design economics for the build environment (Record no. 115831)
[ view plain ]
| 000 -LEADER | |
|---|---|
| fixed length control field | 00791cam a22002535a 4500 |
| 001 - CONTROL NUMBER | |
| control field | L159355 |
| 008 - FIXED-LENGTH DATA ELEMENTS--GENERAL INFORMATION | |
| fixed length control field | 161014s2015 xxk f 000 0 eng d |
| 020 ## - INTERNATIONAL STANDARD BOOK NUMBER | |
| International Standard Book Number | 9780470659090 |
| 035 ## - SYSTEM CONTROL NUMBER | |
| System control number | (Sirsi) u159355 |
| 041 0# - LANGUAGE CODE | |
| Language code of text/sound track or separate title | eng |
| 050 04 - LIBRARY OF CONGRESS CALL NUMBER | |
| Classification number | 690.23 |
| 100 1# - MAIN ENTRY--PERSONAL NAME | |
| Personal name | Robinson, Herbert |
| 245 00 - TITLE STATEMENT | |
| Title | Design economics for the build environment |
| Remainder of title | Impact of sustainability on project evaluation |
| 260 ## - PUBLICATION, DISTRIBUTION, ETC. | |
| Place of publication, distribution, etc. | Chichester |
| Name of publisher, distributor, etc. | Wiley Blackwell |
| Date of publication, distribution, etc. | 2015 |
| 300 ## - PHYSICAL DESCRIPTION | |
| Extent | xxvi, 405p 24 cm |
| 520 ## - SUMMARY, ETC. | |
| Summary, etc. | Considers the theories, principles and approaches to design economics. Illustrated with case studies. |
| 590 ## - LOCAL NOTE (RLIN) | |
| Local note | KA |
| 651 #4 - SUBJECT ADDED ENTRY--GEOGRAPHIC NAME | |
| Geographic name | United Kingdom |
| Chronological subdivision | |
| 690 ## - LOCAL SUBJECT ADDED ENTRY--TOPICAL TERM (OCLC, RLIN) | |
| Topical term or geographic name as entry element | Construction management |
| 9 (RLIN) | 6230 |
| 700 1# - ADDED ENTRY--PERSONAL NAME | |
| Personal name | Symonds, Barry |
| 700 1# - ADDED ENTRY--PERSONAL NAME | |
| Personal name | Gilbertson, Barry |
| 700 ## - ADDED ENTRY--PERSONAL NAME | |
| Personal name | Ilozor, Benedict |
| 942 ## - ADDED ENTRY ELEMENTS (KOHA) | |
| Suppress in OPAC | 0 |
| Withdrawn status | Lost status | Source of classification or shelving scheme | Damaged status | Not for loan | Home library | Current library | Shelving location | Date acquired | Total Checkouts | Full call number | Barcode | Date last seen | Copy number | Price effective from | Koha item type |
|---|---|---|---|---|---|---|---|---|---|---|---|---|---|---|---|
| Dewey Decimal Classification | London | London | Books | 14/10/2016 | 690.23 ROB | 30079037 | 06/08/2019 | 1 | 06/08/2019 | Book |